Cuento de navidad / (Registro nro. 14829)

Detalles MARC
000 -LIDER
fixed length control field 00870nam a2200277 a 4500
001 - NÚMERO DE CONTROL
Identificador de número de control 000037588
003 - IDENTIFICACDOR DE NÚMERO DE CONTROL
control field DO-SdBNP
005 - DATE AND TIME OF LATEST TRANSACTION
control field 20241016101930.0
007 - CAMPOS FIJOS DE DESCRIPCIÓN FÍSICA
fixed length control field 000037588
008 - ELEMENTOS DE LONGITUD FIJA
fixed length control field 110113s 1999 dr a 100 j spa d
020 ## - ISBN
International Standard Book Number 8489539669
040 ## - FUENTE DE CATALOGACIÓN
Agencia que crea de manera original el registro BPMSU
Idioma de catalogación spa
Agencia que realiza la transcripción BPMSU
082 04 - NÚMERO DE CLASIFICACIÓN DECIMAL DE DEWEY
Classification number RD863.44
Item number B742c, 1999
Edition number 22
100 1# - ASIENTO PRINCIPAL -- NOMBRE PERSONAL
Nombre personal Bosch, Juan,
Fechas asociadas con el nombre 1909-2001
9 (RLIN) 1
245 10 - MENCIÓN DE TITULO
Título Cuento de navidad /
Mención de responsabilidad Juan Bosch ; ilustración Tamara Marrosu
260 ## - PUBLICACIÓN, DISTRIBUCIÓN, ETC. (PIE DE IMPRENTA)
Lugar de publicación, distribución, etc Santo Domingo :
Nombre del editor, distribuidor, etc. Editora de Colores,
Fecha de publicación, distribución, etc 1999
300 ## - DESCRIPCIÓN FÍSICA
Extensión 107 p. :
Otros detalles físicos il. ;
Dimensiones 26 cm.
590 ## - NOTA LOCAL
Texto de la nota local Inventariado,2024/VM
650 #4 - ENCABEZAMIENTO DE MATERIA--TEMÁTICO
Término temático o nombre geográfico como elemento de entrada Cuentos juveniles dominicanos
650 #4 - ENCABEZAMIENTO DE MATERIA--TEMÁTICO
Término temático o nombre geográfico como elemento de entrada Literatura juvenil dominicana
650 #4 - ENCABEZAMIENTO DE MATERIA--TEMÁTICO
Término temático o nombre geográfico como elemento de entrada Reyes magos
Subdivisión de forma Cuentos
700 1# - ASIENTO SECUNDARIO -- NOMBRE PERSONAL
Nombre personal Marrosu, Tamara
Mención de responsabilidad ilustraciones
710 2# - ASIENTO SECUNDARIO -- NOMBRE CORPORATIVO
Nombre corporativo o de jurisdicción Banco de Reservas (República Dominicana)
910 ## - VALIDACIÓN
Validación VMateo V. Control de calidad BPMSU
942 ## - ADDED ENTRY ELEMENTS (KOHA)
Source of classification or shelving scheme Dewey Decimal Classification
Koha item type Libros
Existencias
Withdrawn status Lost status Source of classification or shelving scheme Damaged status Not for loan Collection code Home library Current library Date acquired Total Checkouts Full call number Barcode Date last seen Price effective from Koha item type Copy number
    Dewey Decimal Classification     Colección Dominicana Biblioteca Pública Metropolitana Salomé Ureña Biblioteca Pública Metropolitana Salomé Ureña 10/16/2024   BPMSU CJD RD863.44 B742c 1999 BPMSU24100025 10/16/2024 10/16/2024 Libros  
    Dewey Decimal Classification     Colección Dominicana Biblioteca Pública Metropolitana Salomé Ureña Biblioteca Pública Metropolitana Salomé Ureña 10/16/2024   BPMSU CJD RD863.44 B742c 1999 BPMSU24100026 10/16/2024 10/16/2024 Libros e.2